000 00613nam a22002417a 4500
003 UA-OsUOA
001 37950
007 ta
008 20060420b un ||||| |||| 00| 0 ukr d
100 _aГофман Е.Т.А.
090 _a821.112.2
_bГ74
942 _cBK
040 _aUA-OsUOA
_bukr
_cUA-OsUOA
_dUA-OsUOA
245 _aМалюк Цахес
300 _a655 с.
955 _a3
041 _aukr
080 _a821.112.2
020 _a966-03-1859-6
260 _aХарків
_bФоліо
_c2003
650 7 _a82 Література. Літературознавство
_2UDC
999 _c324118
_d324118